000 00407nam a2200169Ia 4500
005 20240723042428.0
008 240331s9999 xx 000 0 und d
082 _bBAL
_a208.2
100 _aBalasuriya,T
245 0 _aMary and human liberation
260 _aColombo
_bCentre for Society & Religion
300 _avi, 210 p .,
650 _aWomen
650 _aReligion
650 _aSociety
942 _cL
999 _c4470
_d4470